<?xml version="1.0" encoding="UTF-8"?>
<record
    xmlns:xsi="http://www.w3.org/2001/XMLSchema-instance"
    xsi:schemaLocation="http://www.loc.gov/MARC21/slim http://www.loc.gov/standards/marcxml/schema/MARC21slim.xsd"
    xmlns="http://www.loc.gov/MARC21/slim">

  <leader>02171nam a2200265 a 4500</leader>
  <controlfield tag="001">ASIN0199063036</controlfield>
  <controlfield tag="005">20170105102935.0</controlfield>
  <controlfield tag="008">150901s2011    xxu                 eng d</controlfield>
  <datafield tag="020" ind1=" " ind2=" ">
    <subfield code="a">0199063036 (paperback)</subfield>
  </datafield>
  <datafield tag="020" ind1=" " ind2=" ">
    <subfield code="a">9780199063031 (paperback)</subfield>
  </datafield>
  <datafield tag="040" ind1=" " ind2=" ">
    <subfield code="a">0</subfield>
  </datafield>
  <datafield tag="082" ind1=" " ind2=" ">
    <subfield code="a">954.91</subfield>
    <subfield code="b">MAL 2011</subfield>
  </datafield>
  <datafield tag="100" ind1="1" ind2=" ">
    <subfield code="a">Mallam, Leslie.</subfield>
  </datafield>
  <datafield tag="245" ind1="1" ind2="0">
    <subfield code="a">Thirty years on the north-west frontier /</subfield>
    <subfield code="c">Leslie Mallam.</subfield>
  </datafield>
  <datafield tag="260" ind1=" " ind2=" ">
    <subfield code="a">[S.l.] :</subfield>
    <subfield code="b">Oxford University Press Karachi,</subfield>
    <subfield code="c">2011.</subfield>
  </datafield>
  <datafield tag="300" ind1=" " ind2=" ">
    <subfield code="a">272 p.</subfield>
  </datafield>
  <datafield tag="520" ind1=" " ind2=" ">
    <subfield code="a">Lieutenant Colonel Leslie Mallam&#x2019;s memoir covers his career - both as a soldier in the Indian Army (2nd Bengal Lancers) and as a political officer on the North-West Frontier. He established a great rapport with the many tribes of the North-West Frontier, especially the Pathan people, with whom he shared a lasting mutual respect. His career also encompassed his roles as a Barrister, District Judge and Chief Secretary to the Governor of the province.Leslie Mallam retired from service just after the Partition of India and Pakistan in 1947 and returned to England and joined the Church, serving as vicar in the parish of Eckington in the Diocese of Worcester.In a career spanning nearly three decades in the Indian Political Service, Leslie Mallam developed a special intrest and love of the North-West Frontier and its people. As Britain prepared to relinquish its authority, Mallam led a large team of Indian Civil Servants who wrote a &#x2018;Frontier Development Plan&#x2019; which regrettably was never implemented. Its structure and recommendations might well have changed the course of history in the area which we know to the Afghan-Pakistan border region.&#xA0;</subfield>
  </datafield>
  <datafield tag="650" ind1=" " ind2=" ">
    <subfield code="a">A Young World, Tramp, India, France and Palestine</subfield>
  </datafield>
  <datafield tag="650" ind1=" " ind2=" ">
    <subfield code="a">Base Depot, Allahabad, North-West Frontier: Indian Political Service, Persian and Arabian Gulf: Slaves and Pearls, Arab Oil and Back to the Frontier , Frontier Revolt  </subfield>
  </datafield>
  <datafield tag="650" ind1=" " ind2=" ">
    <subfield code="a">Counsellor, British Legation, Kabu</subfield>
  </datafield>
  <datafield tag="650" ind1=" " ind2=" ">
    <subfield code="a">Deputy Commissioner, Kohat</subfield>
  </datafield>
  <datafield tag="650" ind1=" " ind2=" ">
    <subfield code="a">Political Agent, Malakand</subfield>
  </datafield>
  <datafield tag="856" ind1="4" ind2="0">
    <subfield code="3">Amazon.com</subfield>
    <subfield code="u">http://www.amazon.com/exec/obidos/ASIN/0199063036/chopaconline-20</subfield>
  </datafield>
  <datafield tag="942" ind1=" " ind2=" ">
    <subfield code="2">ddc</subfield>
    <subfield code="c">BK</subfield>
  </datafield>
  <datafield tag="999" ind1=" " ind2=" ">
    <subfield code="c">16217</subfield>
    <subfield code="d">16217</subfield>
  </datafield>
  <datafield tag="952" ind1=" " ind2=" ">
    <subfield code="0">0</subfield>
    <subfield code="1">0</subfield>
    <subfield code="4">0</subfield>
    <subfield code="7">0</subfield>
    <subfield code="8">NFIC</subfield>
    <subfield code="a">CIPS</subfield>
    <subfield code="b">CIPS</subfield>
    <subfield code="c">GEN</subfield>
    <subfield code="d">2015-09-01</subfield>
    <subfield code="l">0</subfield>
    <subfield code="o">954.91 MAL 2011</subfield>
    <subfield code="p">CIPS0002661</subfield>
    <subfield code="r">2015-09-01</subfield>
    <subfield code="w">2015-09-01</subfield>
    <subfield code="y">BK</subfield>
  </datafield>
</record>
